000 00722cam a2200193 i 4500
999 _c57969
_d57969
001 18517166
005 20221111104117.0
008 150306s2015 enk b 001 0 eng
020 _a9781137321275x
080 _a327 D-71
100 1 _aDominguez, Roberto
_d
_911317
245 1 0 _aEU Foreign Policy towards Latin America /
_cRoberto Dominguez.
264 1 _aNew York, NY :
_bPalgrave Macmillan,
_c2015.
300 _a187 pages ;
_c23 cm.
653 _aEU Foreign Policy towards Latin America
653 _aევროკავშირის საგარეო პოლიტიკა ლათინური ამერიკის მიმართ
653 _aპოლიტიკა
942 _2udc
_cBK